LEADER 04829nam 2201081 450 001 9910786652003321 005 20230803203516.0 010 $a0-520-95900-0 024 7 $a10.1525/9780520959002 035 $a(CKB)3710000000167721 035 $a(EBL)1711008 035 $a(SSID)ssj0001261533 035 $a(PQKBManifestationID)12476669 035 $a(PQKBTitleCode)TC0001261533 035 $a(PQKBWorkID)11210349 035 $a(PQKB)11303607 035 $a(StDuBDS)EDZ0001054084 035 $a(MiAaPQ)EBC1711008 035 $a(OCoLC)966869123 035 $a(MdBmJHUP)muse52263 035 $a(DE-B1597)519049 035 $a(OCoLC)883632145 035 $a(DE-B1597)9780520959002 035 $a(Au-PeEL)EBL1711008 035 $a(CaPaEBR)ebr10891281 035 $a(CaONFJC)MIL625753 035 $a(EXLCZ)993710000000167721 100 $a20140719h20142014 uy 0 101 0 $aeng 135 $aur|nu---|u||u 181 $ctxt 182 $cc 183 $acr 200 10$aBody counts $ethe Vietnam War and militarized refuge(es) /$fYe? Le? Espiritu 210 1$aOakland, California :$cUniversity of California Press,$d2014. 210 4$d©2014 215 $a1 online resource (265 p.) 300 $aDescription based upon print version of record. 311 0 $a0-520-27771-6 311 0 $a0-520-27770-8 320 $aIncludes bibliographical references and index. 327 $tFront matter --$tContents --$tList of Illustrations --$tAcknowledgments --$t1. Critical Refuge(e) Studies --$t2. Militarized Refuge(es) --$t3. Refugee Camps and the Politics of Living --$t4. The "Good Warriors" and the "Good Refugee" --$t5. Refugee Remembering-and Remembrance --$t6. Refugee Post-memories: The "Generation After" --$t7. "The Endings That Are Not Over" --$tNotes --$tReferences --$tIndex 330 $aBody Counts: The Vietnam War and Militarized Refuge(es) examines how the Vietnam War has continued to serve as a stage for the shoring up of American imperialist adventure and for the (re)production of American and Vietnamese American identities. Focusing on the politics of war memory and commemoration, this book retheorizes the connections among history, memory, and power and refashions the fields of American studies, Asian American studies, and refugee studies not around the narratives of American exceptionalism, immigration, and transnationalism but around the crucial issues of war, race, and violence-and the history and memories that are forged in the aftermath of war. At the same time, the book moves decisively away from the "damage-centered" approach that pathologizes loss and trauma by detailing how first- and second-generation Vietnamese have created alternative memories and epistemologies that challenge the established public narratives of the Vietnam War and Vietnamese people. Explicitly interdisciplinary, Body Counts moves between the humanities and social sciences, drawing on historical, ethnographic, cultural, and virtual evidence in order to illuminate the places where Vietnamese refugees have managed to conjure up social, public, and collective remembering. 606 $aVietnam War, 1961-1975$xRefugees 606 $aRefugees$zVietnam 606 $aRefugees$zUnited States 606 $aVietnamese Americans 606 $aCollective memory$zUnited States 606 $aMilitarism$zUnited States 610 $a20th century american history. 610 $a20th century global history. 610 $aalternative memories. 610 $aamerican exceptionalism. 610 $aamerican imperialism. 610 $aamerican studies. 610 $aasian american studies. 610 $acollective remembering. 610 $acommemoration. 610 $adamage centered approach. 610 $aimmigration. 610 $aimperialism. 610 $ainterdisciplinary. 610 $ainternational politics. 610 $aloss and trauma. 610 $apolitics of memory. 610 $apolitics. 610 $apower and memory. 610 $arefugee studies. 610 $arefugees. 610 $aretrospective. 610 $atransnationalism. 610 $avietnam war. 610 $avietnam. 610 $avietnamese american. 610 $avietnamese refugees. 610 $avietnamese. 610 $aviolence. 610 $awar memory. 615 0$aVietnam War, 1961-1975$xRefugees. 615 0$aRefugees 615 0$aRefugees 615 0$aVietnamese Americans. 615 0$aCollective memory 615 0$aMilitarism 676 $a959.704/31 700 $aEspiritu$b Yen Le$f1963-$01556318 801 0$bMiAaPQ 801 1$bMiAaPQ 801 2$bMiAaPQ 906 $aBOOK 912 $a9910786652003321 996 $aBody counts$93818888 997 $aUNINA LEADER 03138nam 2200421z- 450 001 9910227343503321 005 20210211 035 $a(CKB)4100000000883898 035 $a(oapen)https://directory.doabooks.org/handle/20.500.12854/46058 035 $a(oapen)doab46058 035 $a(EXLCZ)994100000000883898 100 $a20202102d2017 |y 0 101 0 $aspa 135 $aurmn|---annan 181 $ctxt$2rdacontent 182 $cc$2rdamedia 183 $acr$2rdacarrier 200 00$aEl discurso del rey. El discurso juri?dico alfonsi? y sus implicancias poli?ticas 210 $cUniversidad Carlos III de Madrid. Figuerola Institute of Social Science History$d2017 215 $a1 online resource (284 p.) 225 1 $aHistoria del Derecho 311 08$a84-9148-397-7 330 $aEl libro propone un estudio del discurso mona?rquico hispano a partir de un elemento especi?fico: Las Siete Partidas entre los siglos XIII y XVI. La mirada implica entender dicha obra como un objeto textual que debe estudiarse bajo sus propias condiciones de existencia (tres ediciones con cuantiosas emisiones cada una y casi cien manuscritos en su tradicio?n). A trave?s de un estudio filolo?gico y discursivo de la tradicio?n manuscrita y e?dita, consideramos entonces la posibilidad de entender el funcionamiento de dicho dispositivo discursivo como un elemento recurrente, siempre presente, pero, a la vez, cambiante en la historia poli?tica hispa?nica a partir de la imagen regia que provee. El nu?cleo central del ana?lisis esta? en la consideracio?n de que el texto juri?dico alfonsi? hace del espacio interno y externo en su construccio?n discursiva de poder, el cual implica al resto de los poderes imperantes en el peri?odo Medieval y Moderno. En tal sentido, no solo hay un ana?lisis del funcionamiento del dispositivo a trave?s de sus diversos testimonios entre los siglos XIII y XVI, sino tambie?n una propuesta epistemolo?gica, metodolo?gica y poli?tica sobre el funcionamiento de este discurso en la historia. Se reponen varias obras del rey Sabio, tanto juri?dicas como historiogra?ficas, obras de su misma e?poca, comentarios y tratados de juristas, medievales y romanos y canonistas para lograr entender el clima de (las) e?poca(s) estudiadas, las innovaciones y reposiciones de vocabulario, etc. Es una muestra de trabajo interdisciplinario al servicio de la Historia del Derecho, entendida esta u?ltima a partir de sus textos y sus itinerarios materiales e intelectuales, ma?s que una forma cla?sica de abordar los mismos problemas de siempre. 606 $aCE period up to c 1500$2bicssc 606 $aHistory and Archaeology$2bicssc 610 $aDerecho 610 $aDiscurso 610 $aHistoria 610 $aMonarqui?a 610 $aPoli?tica 610 $aRey 615 7$aCE period up to c 1500 615 7$aHistory and Archaeology 700 $aPanateri$b Daniel$4auth$01313936 906 $aBOOK 912 $a9910227343503321 996 $aEl discurso del rey. El discurso jurídico alfonsí y sus implicancias políticas$93031518 997 $aUNINA